ՀՀ Գիտությունների ազգային ակադեմիայի հիմնարար գիտական գրադարան  =   Fundamental Scientific Library of NAS RA

Նամուս : (Record no. 106669)

MARC details
000 -LEADER
fixed length control field 00763nam a2200205 a 4500
001 - CONTROL NUMBER
control field 000291545
003 - CONTROL NUMBER IDENTIFIER
control field AM-YeHGA
005 - DATE AND TIME OF LATEST TRANSACTION
control field 20250618071908.0
008 - FIXED-LENGTH DATA ELEMENTS--GENERAL INFORMATION
fixed length control field 031208s1920 tu 000 | arm d
040 ## - CATALOGING SOURCE
Original cataloging agency AM-YeHGA
041 0# - LANGUAGE CODE
Language code of text/sound track or separate title arm
090 ## - LOCALLY ASSIGNED LC-TYPE CALL NUMBER (OCLC); LOCAL CALL NUMBER (RLIN)
-- 107995
100 1# - MAIN ENTRY--PERSONAL NAME
Personal name Շիրվանզադե, Ալեքսանդր Մինասի,
Dates associated with a name 1858-1935
9 (RLIN) 1334
245 10 - TITLE STATEMENT
Title Նամուս :
Remainder of title Դրամա չորս արարուածով /
Statement of responsibility, etc. Շիրվանզադէ.
250 ## - EDITION STATEMENT
Edition statement II տպագրութ.
260 ## - PUBLICATION, DISTRIBUTION, ETC.
Place of publication, distribution, etc. Կ. Պոլիս :
Name of publisher, distributor, etc. տպ. Սանճագճեան,
Date of publication, distribution, etc. 1920.
300 ## - PHYSICAL DESCRIPTION
Extent 106 էջ ;
Dimensions 18 սմ.
500 ## - GENERAL NOTE
General note Փոխադրուած հեղինակին ձեռքով իւր նոյնանուն վէպից
650 14 - SUBJECT ADDED ENTRY--TOPICAL TERM
Topical term or geographic name entry element Հայ գրականություն
General subdivision Թատերգություն
Holdings
Withdrawn status Lost status Damaged status Not for loan Collection Home library Current library Date acquired Total checkouts Full call number Barcode Date last seen Price effective from Koha item type Public note
        General Fundamental Scientific Library Fundamental Scientific Library 22/12/2016   AII/29605 220029605 22/12/2016 22/12/2016 Գրքեր / Books 30 Days Loan


ՀՀ ԳԱԱ հիմնարար գիտական գրադարան
ՀՀ,Երևան 0019
Մարշալ Բաղրամյան 24/6
հեռախոս:(374-10) 52-47-50
Հետադարձ կապ

All site content, except where otherwise noted, is licensed under a
Creative Commons License